000 00571nam a2200181Ia 4500
008 100921s9999 xx 000 0 und d
082 _b34275
_a920.71 न 02
100 _aभट अशोक सदाशिव.
245 _aअर्घ्य.
260 _bवसंतगडकर विनय,पुणे.
_c2002
300 _a269
_b---
365 _b0
520 _aचरित्र्ेा-पुरूष.
630 _aअर्घ्य.
650 _aचरित्र्ेा-पुरूष.
730 _aअर्घ्य.
942 _cBOOK
999 _c783388
_d783385